000 00415pab a2200145 454500
008 180718b1991 xxu||||| |||| 00| 0 eng d
100 _aTrivedi, V.N.
245 _aWaste recovery and pollution control by recycling and reuse of waste water in pulp and paper industry
260 _c1991
300 _a41-5
362 _aMay
650 _aWaste, Utilization of - India
773 _aCivic Affairs
909 _a20564
999 _c20564
_d20564